Ako myslí mozog vývin inteligencie v minulosti a dnes

Bibliographic Details
Main Author: Calvin, William H. (Author)
Other Authors: Habdák, Ján, 1970- (Translator)
Format: Book
Language:Slovak
PhysicalDescription:207 s. ilustr., sch. 23 cm
Published: Bratislava Kalligram 2000
ISBN:8071493686
Series:Majstri vied / Kalligram
Subjects:

MARC

LEADER 00000nam a2200000 a 4500
001 vtls001405137
003 SK-MaSNL
005 20260302034932.0
008 240313s2000 xo aa r y slo
015 |a SNBA2001/04-01061 
020 |a 8071493686 
035 |a SNK000359742 
035 |a urn:nbn:sk:snk-amk384 
035 |a urn:nbn:sk:snk-am0058bh 
035 |a B85C48E8-6DDC-4A24-975F-A9645EE1B310 
040 |a SNK  |b slo  |c SNK  |e AACR2 
041 0 |a slo 
044 |a xo  |c SK 
080 |a 159.923.2:159.955:612.8  |2 1981 
080 |a 612.8  |2 1981 
100 1 |a Calvin, William H.  |4 aut  |9 687146 
240 1 0 |a How brains think  |l Slovensky 
245 1 0 |a Ako myslí mozog  |b vývin inteligencie v minulosti a dnes  |c William H. Calvin ; [z anglického originálu preložil Ján Habdák] 
260 |a Bratislava  |b Kalligram  |c 2000 
300 |a 207 s.  |b ilustr., sch.  |c 23 cm 
490 1 |a Majstri vied / Kalligram 
500 |a Údaj o prekl. prevzatý z rubu tit. strany 
504 |a Bibliogr. odkazy. Pozn. 
650 0 7 |a inteligencia  |x myslenie  |x mozog  |x výklady  |2 SNK  |9 687147 
655 7 |a príručky  |2 SNK  |9 74364 
700 1 |a Habdák, Ján,  |d 1970-  |4 trl  |9 203406 
830 0 |a Majstri vied / Kalligram  |9 462575 
919 |a 80-7149-368-6 
958 |a OND 
958 |a TL 
958 |a OP 
958 |a NS 
958 |a NB 
968 |b ENG 
999 |c 1068522  |d 1070452 
952 |t P60, <03>, [BOOK], {603}  |a SNK  |b SNK  |y PREZ  |7 0  |p 17A0266315  |o snkSC 103727  |i snkKSP 1082/2001  |0 0  |1 0  |4 0  |d 2001-01-23  |f 1  |l 0  |r 2025-09-25 00:00:00  |w 2026-02-24 
952 |t snkCAL 159.923.2  |a SNKUST  |b SNKUST  |y PREZ  |7 0  |p 17A0266316  |o snkSC 103727 D1   |i snkKSP 1083/2001  |0 0  |1 0  |4 0  |d 2001-01-23  |l 0  |r 2025-03-19 00:00:00  |w 2026-02-24